ESSENTIALS OF HUMAN GEMETICS (Record no. 6733)

MARC details
000 -LEADER
fixed length control field 00342nam a2200145Ia 4500
008 - FIXED-LENGTH DATA ELEMENTS--GENERAL INFORMATION
fixed length control field 150301s2014 xx 000 0 und d
082 ## - DEWEY DECIMAL CLASSIFICATION NUMBER
Classification number 611
Item number E14K
100 ## - MAIN ENTRY--PERSONAL NAME
Personal name KOTHARI, MANU L.
245 ## - TITLE STATEMENT
Title ESSENTIALS OF HUMAN GEMETICS
250 ## - EDITION STATEMENT
Edition statement 5TH
260 ## - PUBLICATION, DISTRIBUTION, ETC. (IMPRINT)
Name of publisher, distributor, etc. UNI.PUB.
Place of publication, distribution, etc. INDIA
Date of publication, distribution, etc. 2014
300 ## - PHYSICAL DESCRIPTION
Extent 488
650 ## - SUBJECT ADDED ENTRY--TOPICAL TERM
Topical term or geographic name as entry element HUMAN ANATOMY
942 ## - ADDED ENTRY ELEMENTS (KOHA)
Source of classification or shelving scheme Dewey Decimal Classification
Koha item type Books
Holdings
Withdrawn status Lost status Source of classification or shelving scheme Damaged status Not for loan Collection code Home library Current library Shelving location Date acquired Source of acquisition Cost, normal purchase price SGTU Bill Number Total Checkouts Full call number Barcode Date last seen Date last checked out Bill Date Koha item type
    Dewey Decimal Classification     MEDICAL SGT Medical Library SGT Medical Library Text Book 02/07/2015 ABC DELHI 550.00 SGTU 4996 5 611 E14K FM7179 10/02/2026 27/01/2026 06/11/2014 Books